01006nam a2200205 a 450000100100000000500170001000800410002702000150006804000250008324501350010826001120024330000210035549000540037650000730043050400410050370000230054495201080056795201080067599900170078300003986520201002033758.0130725s1980 sp 000 0 spa d a8400047885 aDO-SdBNPbspacBNPHU03aLa pobreza y la asistencia a los pobres en la Cataluña medieval :bvolumen misceláneo de estudios y documentos /cManuel Riu,. aBarcelona :bConsejo Superior de Investigaciones Científicas, Departamento de Estudios Medievales,c1980. a2 v. : ;c24 cm.1 aAnejos del Anuario de estudios medievales ;v9,11 aIncluye referencias bibliográficas y notas al pie de las páginas aIncluye referencias bibliográficas1 aRiu, Manuel966068 001050718MOaGRbGRcCTd2013-07-25iLF1l0ov. 2p39865-10r2020-06-25w2020-06-25y1ZNo se presta 001050718MOaGRbGRcCTd2013-07-25iLF1l0ov. 1p39865-20r2020-06-25w2020-06-25y1ZNo se presta c39355d39355